Proceedings. (Record no. 85273)
[ view plain ]
| 000 -LEADER | |
|---|---|
| fixed length control field | 01114cam a2200277 4500 |
| 001 - CONTROL NUMBER | |
| control field | sa 68013702 |
| 003 - CONTROL NUMBER IDENTIFIER | |
| control field | DLC |
| 005 - DATE AND TIME OF LATEST TRANSACTION | |
| control field | 20260227112624.0 |
| 008 - FIXED-LENGTH DATA ELEMENTS--GENERAL INFORMATION | |
| fixed length control field | 691209s1967 ii ab b 100 0 eng |
| 010 ## - LIBRARY OF CONGRESS CONTROL NUMBER | |
| LC control number | sa 68013702 |
| 025 ## - OVERSEAS ACQUISITION NUMBER | |
| Overseas acquisition number | PL480:I-E-9693 |
| 040 ## - CATALOGING SOURCE | |
| Original cataloging agency | DLC |
| Transcribing agency | DLC |
| Modifying agency | DLC |
| -- | ICU |
| -- | DLC |
| 050 00 - LIBRARY OF CONGRESS CALL NUMBER | |
| Classification number | QC801 |
| Item number | .H68 no. 8 |
| 082 00 - DEWEY DECIMAL CLASSIFICATION NUMBER | |
| Classification number | 551.1/1 |
| 111 2# - MAIN ENTRY--MEETING NAME | |
| Meeting name or jurisdiction name as entry element | Symposium on Upper Mantle Project |
| Date of meeting or treaty signing | (1970 : |
| Location of meeting | Hyderabad, India) |
| 245 00 - TITLE STATEMENT | |
| Title | Proceedings. |
| 260 ## - PUBLICATION, DISTRIBUTION, ETC. | |
| Place of publication, distribution, etc. | Hyderabad, India, |
| Name of publisher, distributor, etc. | Geophysics Research Board, National Geophysical Research Institute |
| Date of publication, distribution, etc. | [1967] |
| 300 ## - PHYSICAL DESCRIPTION | |
| Extent | xxxviii, 540, iv p. |
| Other physical details | illus., maps (part fold.) |
| Dimensions | 25 cm. |
| 350 ## - PRICE (NR) (BK AM CF MU VM SE) [OBSOLETE] | |
| Price | 25.00 |
| 440 #0 - SERIES STATEMENT/ADDED ENTRY--TITLE | |
| Title | GRB & NGRI publication ; |
| Volume/sequential designation | no. 8 |
| 500 ## - GENERAL NOTE | |
| General note | "Sponsored by the Geophysics Research Board, the National Geophysical Research Institute, the Indian Geophysical Union, the Geological Society of India and the Geological Survey of India." |
| 504 ## - BIBLIOGRAPHY, ETC. NOTE | |
| Bibliography, etc. note | Includes bibliographies. |
| 650 #0 - SUBJECT ADDED ENTRY--TOPICAL TERM | |
| Topical term or geographic name entry element | Geophysics |
| Geographic subdivision | India |
| Form subdivision | Congresses. |
| 610 20 - SUBJECT ADDED ENTRY--CORPORATE NAME | |
| Corporate name or jurisdiction name as entry element | International Upper Mantle Project |
| Form subdivision | Congresses. |
| 710 1# - ADDED ENTRY--CORPORATE NAME | |
| Corporate name or jurisdiction name as entry element | Hyderabad (India). |
| Subordinate unit | Geophysics Research Board. |
No items available.